000 01023nam a22003257a 4500
001 BR7603060
003 BR-BrBNA
005 20230928085014.0
007 ta
008 230509b bl.||||| |||| 00| 0 por d
040 _aBR-BrBNA
_bpor
_cBiblioteca Nacional de Agricultura
041 _a(Por)
072 _aF26; E15; P05
_b0230
_b1540
_b8961
_b/G514
090 _ 0230 BR7603060
110 1 _aSecretaria da Agricultura, Sao Paulo, SP (Brasil)
_98506
245 1 _aAreas com possibilidade de expansao das culturas da cana-de-acucar e da mandioca para producao de alcool combustivel no estado de Sao Paulo [Brasil]
260 3 _aSao Paulo, SP (Brasil):
_c[nd].
300 _a38 p.
500 _a18 tables; 10 ref.; Published after 1976
650 _aRECURSO DO SOLO
650 _aCANA DE ACUCAR
650 _aMANDIOCA
650 _aALCOOL
650 _aCOMBUSTIVEL
650 _aZONEAMENTO AGRICOLA
650 _aMAO-DE-OBRA
650 _aSAO PAULO
909 _a202309
_bLucia
_c55
_dLucia Elande
942 _cBK
999 _c22349
_d22349